000 00243nam a2200109Ia 4500
008 190216s9999||||xx |||||||||||||| ||und||
100 _aAchuthan M
245 0 _aVivechanam
260 _bCurrent Books
650 _aEssay Malayalam
942 _cBK
999 _c23657
_d23657